ბათუმის შოთა რუსთაველის სახელმწიფო უნივერსიტეტის ბიბლიოთეკა

Refining Composition Skills: (ბიბ.ჩანაწერი № 61356)

000 -LEADER
fixed length control field 00834nam a22002177a 4500
005 - DATE AND TIME OF LATEST TRANSACTION
control field 20240222162811.0
008 - FIXED-LENGTH DATA ELEMENTS--GENERAL INFORMATION
fixed length control field 240222s2001 enk||||| |||| 00| 0 eng d
020 ## - INTERNATIONAL STANDARD BOOK NUMBER
International Standard Book Number 9780838402238
041 ## - LANGUAGE CODE
Language code of text/sound track or separate title eng
080 ## - UNIVERSAL DECIMAL CLASSIFICATION NUMBER
Universal Decimal Classification number 811.111.1 S-68
100 ## - MAIN ENTRY--PERSONAL NAME
Personal name Smalley, Regina L.
9 (RLIN) 21271
245 ## - TITLE STATEMENT
Title Refining Composition Skills:
Remainder of title Rhetoric and Grammar /
Statement of responsibility, etc. Regina L. Smalley, Mary K. Ruetten, Joann Rishel Kozyrev.
250 ## - EDITION STATEMENT
Edition statement Fifth Edition
264 ## - PRODUCTION, PUBLICATION, DISTRIBUTION, MANUFACTURE, AND COPYRIGHT NOTICE
Place of production, publication, distribution, manufacture London :
Name of producer, publisher, distributor, manufacturer Heinle & Heinle,
Date of production, publication, distribution, manufacture, or copyright notice 2001.
300 ## - PHYSICAL DESCRIPTION
Extent 430 p. :
Other physical details ill.;
Dimensions 26 cm.
653 ## - INDEX TERM--UNCONTROLLED
keyword კომპოზიციური უნარების დახვეწა
653 ## - INDEX TERM--UNCONTROLLED
keyword რიტორიკა და გრამატიკა
700 ## - ADDED ENTRY--PERSONAL NAME
Personal name Ruetten, Mary K.
Relator term ავტორი
9 (RLIN) 21272
700 ## - ADDED ENTRY--PERSONAL NAME
Personal name Kozyrev, Joann Rishel
Relator term ავტორი
9 (RLIN) 21273
942 ## - ADDED ENTRY ELEMENTS (KOHA)
Source of classification or shelving scheme
Koha item type წიგნი
ეგზემპლარები
Withdrawn status Lost status Source of classification or shelving scheme Damaged status Not for loan Permanent Location Current Location Shelving location Date acquired Cost, normal purchase price Full call number Barcode Date last seen Copy number Price effective from Koha item type Public note
          ბათუმის შოთა რუსთაველის სახელმწიფო უნივერსიტეტის მთავარი ბიბლიოთეკა ბათუმის შოთა რუსთაველის სახელმწიფო უნივერსიტეტის მთავარი ბიბლიოთეკა წიგნსაცავი 2024-02-22 20.00 811.111.1 S-68 67597 2024-02-22 67597 2024-02-22 წიგნი 20 ლ.